Strážkyňa odkazu

Podrobná bibliografia
Hlavný autor: Kovačka, Miloš (Author)
Médium: Článok
Jazyk:Slovak
Témy:
Zdroj: 1. Evanjelický posol spod Tatier 1. 0139-8768 1. Roč. 95, č. 7 (2005), s. 6
LEADER 00768nab#a2200301#ar4500
001 000052051
003 SVKKK
005 20050406155004.0
008 050331c2005 xo e slo
FMT
038 |a SVKKK 
040 |a SVKKK  |b slo  |e AACR2 
041 0 |a slo 
044 |a xo  |c SK 
080 |a 821.162.4-3  |2 1997 
080 |a 929 Maróthy Šoltésová, Elena  |2 1997 
100 1 |a Kovačka, Miloš  |4 aut 
245 1 0 |a Strážkyňa odkazu  |c Miloš Kovačka 
600 1 4 |a Maróthy Šoltésová, Elena,  |d 1855-1939,  |x spisovateľka  |x profily 
773 0 |t Evanjelický posol spod Tatier  |x 0139-8768  |g Roč. 95, č. 7 (2005), s. 6 
957 |a 605 
958 |a KA 
974 |a Čr 
992 |a RBX 
BAS
852 |a SVKKK  |b BIB 
EXP
998 |a SLO